000 00705nam a2200241Ia 4500
003 OSt
005 20221007100412.0
006 a|||||r|||| 00| 0
007 ta
008 221006b |||||||| |||| 00| 0 eng d
024 _a4,360
037 _cMonograhic Series
040 _aLCO
_cLCO
_beng
041 _2eng
_aeng
082 _aV:19 (X)b1,N75, L7
100 _aALTING von GEUSAV F A M
_9701622
245 0 _aLome convention and a new international economic order
260 _aLeyden
_bAwisigth off
_c1977
300 _a249
650 _aLOME CONVENTION
_9701623
942 _hV:19 (X)b1,N75, L7
_cREF
999 _c1173923
_d1173923